000 01032nam a2200277 a 4500
001 000016166
003 DO-SdBNP
005 20250626131522.0
008 100226s2005 dr r 000 0 spa d
040 _aDO-SdBNP
_bspa
_cBNPHU
082 _a519.53
_bC933e, 2005
100 1 _aCristo Nova, José Antonio
_936182
245 1 0 _aEstadística descriptiva :
_bmanual de práctica /
_cJosé Antonio Cristo Nova, Fidel Simón Luna Martínez, Abrahán Amauri Moreta Pérez.
250 _a3a. ed.
260 _aSanto Domingo :
_bUCSD,
_c2005.
300 _a113 p. ;
_c28 cm.
590 _aInventariado, 2020/BT
650 0 _aEstadística matemática
_xProblemas, ejercicios, etc.
_920984
650 0 _aEstadística matemática
_xEstudio y enseñanza
_920984
650 4 _aVariables estadística
_919736
700 1 _aLuna martínez, Fidel Simón
_936183
700 1 _aMoreta Pérez, Abrahán Amauri
_936184
710 2 _aUniversidad Católica Santo Domingo
_91478
910 _aValidado. Control de calidad/MFF
942 _2ddc
_cLBS1
999 _c15706
_d15706